1798 1754 1956 1192 1219 1327 1051 1350 1272 1481 1722 1914 1475 1886 1108 1355 1953 1989 1390 1059 1432 1633 1134 1545 1833 1568 1750 1641 1358 1399 1318 1372 1863 1178 1541 1864 1625 1457 1479 1167 1029 1867 1218 1004 1032 1042 1157 1622 1777 1274 1038 1291 1634 1424 1751 1424 1327 1560 1797 1121 1968 1180 1579 1146 1603 1674 1558 1306 1714 1304 1321 1245 1018 1193 1370 1644 1478 1463 1626 1413 1029 1871 1051 1779 1907 1230 1811 1877 1281 1644 1384 1989 1111 1920 1060 1967 1419 1678 1014 BCNSPRNW ULIB Ver.6.0+V

เปลี่ยนเป็นภาษาไทย

Change to English
 แสดงรายละเอียดบรรณานุกรม
  กลับหน้าหลัก

Brief Record : Get Marc (ISO 2709) : E-mail record : QR code < ปิดหน้าต่าง
LEADER : 00000nam 2200000uu 4500
001    13399125609
003     ULIB
008    170707s2559||||th 000 0 tha d
020    ^a9786163202215
060 04 ^aWT115^bค139
245 00 ^aคนสูงวัยใส่ใจเรื่องสุขภาพ :^bพร้อมเมนูทางเลือกที่เหมาะสม /^cวทันยาวรสิริ, บ.ก. เรียบเรียง
250    ^aพิมพ์ครั้งที่ 1
260    ^aกรุงเทพฯ :^bอินทรีย์,^c2559
300    ^a256 หน้า :^bภาพประกอบ ;^c22 ซม.
650  4 ^aโภชนาการ
650  4 ^aผู้สูงอายุ
700 0  ^aวทันยา วรสิริ,^eบรรณาธิการ
945    ^p0^l0^i002550
999    ^aวรรณษา ชูชัยมงคล
รายการนี้ยังไม่มีแท็ก
คุณยังไม่ได้ล็อกอิน คุณสามารถมีกิจกรรมร่วมกับเว็บไซต์ได้ แต่ต้องล็อกอินก่อน ::
  ล็อกอิน

รายการสื่อสารสนเทศ

ลำดับที่ ประเภท เลขเรียก/บาร์โค้ด สถานที่ สถานะ
1. วิทยาศาสตร์การแพทย์ และสุขภาพ
วิทยาศาสตร์การแพทย์ และสุขภาพ
สถานะ=หนังสือเก่า
WT115 ค139 ฉ.1 
  Barcode: 002550
ห้องสมุดวิทยาเขตสวรรค์ประชารักษ์
►ส่วนจัดเก็บหนังสือเก่า สปร
บนชั้น
  ขอยืม

รายการใกล้เคียง
    หัวเรื่อง [โภชนาการ]
    หัวเรื่อง [ผู้สูงอายุ]

BibComment


ยังไม่เคยถูกคอมเมนท์

คอมเมนท์ทรัพยากรรายการนี้
  คอมเมนท์: คนสูงวัยใส่ใจเรื..


 Copyright 2026. Bcnsprnw @Library